000 006900am a2200229 004500
003 EG-GiCUC
008 070513s1957 ua o g 000 0 ara d
040 _aEG-GiCUC
_bara
_cEG-GiCUC
050 4 _aG465
_bS3 1957
092 0 4 _a910
_bS1654
_221
099 _a04
_a910 S1654
100 1 _aسالم : لبيب
245 1 0 _aصور /
_cيقدمها من رحلاته لبيب سالم
260 _aالقاهرة :
_bمكتبة نهضة مصر :
_c1957
300 _a197ص :
_bصور ؛
_c24سم
650 7 _aالرحلات
_2qrmak
650 7 _aالرحلات
_xصور
_2qrmak
902 _a1
905 _aبلتاجى
_eمراجع
905 _aجمال
_eمدخل
942 _2ddc
_cBK
999 _c96015
_d96015